BIBLIOTHÈQUE DE LA MAISON DU MEXIQUE

Logo 1 Logo 2

La civilización azteca (notice nᵒ 11391)

détails MARC
000 -Sello discográfico
campo de control de longitud fija 01148nam a2200361 4500
005 - Identificación de versión
campo de control 20251016082455.0
035 ## - Otros números de control del sistema
Número de control del sistema 4245
099 ## - fechas locales
Tipo de ítem Koha LIBRO
100 ## - Datos de procesamiento general
Datos de procesamiento general 20040519d1955 m y1spay5003 ba
101 1# - Idioma del recurso
Idioma del texto, banda sonora, etc. Español; Castellano
Idioma de la obra original Inglés
105 ## - Campo de datos codificados: Material textual, monográfico
Datos codificados de monografía a 001zy
200 1# - Título y mención de responsabilidad
Título propio La civilización azteca
Designación general del material texto impreso
Primer mención de responsabilidad George C. Vaillant
Declaración de responsabilidad subsiguiente versión española Samuel Vasconcelos
205 ## - Declaración de edición
Declaración de edición 2a ed
210 ## - Publicación, distribución, etc.
Lugar de publicación, distribución, etc. México
Nombre del editor, distribuidor, etc. Fondo de Cultura Económica
Fecha de publicación, distribución, etc. 1955
215 ## - Descripción física
Designación de material específico y extensión del ítem 316 p
Otras características físicas il.
Dimensiones 23 cm
300 ## - Notas generales
Texto de la nota Traducción de : Aztecs of Mexico. Origin, rise and fall of the aztec nation. Contiene índice analítico
320 ## - Nota de índices/bibliografías internas
Texto de la nota Bibliografía: p.275-295
345 ## - Nota de información de adquisición
Fuente de adquisición/dirección de la suscripción [OBSOLETO] Donación
410 #1 - Series
Título Sección de Obras de Antropología
606 ## - Término temático usado como materia
Elemento de entrada Aztecas
Subdivisión temática Cultura
Número Koha 2350
606 ## - Término temático usado como materia
Elemento de entrada Indios de México
Subdivisión temática Cultura
Número Koha 1400
606 ## - Término temático usado como materia
Elemento de entrada Indios de México
Subdivisión temática Historia
Número Koha 417
660 ## - Código de área geográfica
Código MX
676 ## - Clasificación Decimal Dewey
Número 970.4 V131c
700 ## - Nombre personal - Responsabilidad primaria
Elemento de entrada Vaillant
Parte del nombre distinta del elemento de entrada George Clapp
Fechas 1901-1945
Número Koha 2351
702 ## - Nombre personal - Responsabilidad secundaria
Elemento de entrada Vasconcelos
Parte del nombre distinta del elemento de entrada Samuel
Número Koha 2354
801 #0 - Fuente de origen
Agencia cm
900 ## -
-- 1/7480
900 ## -
-- 7100419245\190504
942 ## - ELEMENTOS DE ENTRADA SECUNDARIOS (KOHA)
Tipo de ítem Koha Livre

Pas d'exemplaire disponible.